000
00331nam a2200133Ia 4500
008
260604s9999 xx 000 0 und d
020
_a
9781035331468
082
_a
004 CAP
100
_a
CAPUS
_9
35151
245
0
_a
MULTILINGUAL COMMUNICATIONS SURVEILLANCE IN CRIMIN
260
_b
EDWARD
500
_a
IT, Criminal Law
942
_c
BK
999
_c
7911
_d
7911